000 01071cam a2200289 a 4500
001 2505
005 20250502090033.0
020 _a0590672983
040 _aDLC
_cDLC
_dDLC
_beng
050 0 0 _aPZ8.3.P558676
_b1993
082 0 0 _a513
100 1 _aPinczes, Elinor J.
245 1 0 _aOne hundred hungry ants /
_cby Elinor J. Pinczes ; illustrated by Bonnie MacKain
250 _aFirst Scholastic printing , January 1997
260 _aNew York :
_bScholastic,
_c1993
300 _a30 unnumbered pages :
_bcolor illustrations ;
_c21 cm
505 _aL
520 _aOne hundred hungry ants head towards a picnic to get yummies for their tummies, but stops to change their line formation, showing different divisions of one hundred, cause them to lose both time and food in the end.
521 _a520
_bLexile
521 _aL
_bRaz-Plus
650 1 _aAnts
_xFiction.
650 1 _aDivision
_xFiction.
650 1 _aStories in rhyme.
700 1 _aMacKain, Bonnie
_eillustrator
906 _a7
_bcbc
_corignew
_d1
_eocip
_f19
_gy-gencatlg
942 _2ddc
_cBK
_n0
999 _c2505
_d2505